Ruperto Marchant P. Santa Filomena. Décima edición. Santuario de Santa Filomena
I tiakina i:
| Kaituhi matua: | |
|---|---|
| Hōputu: | Pukapuka |
| Reo: | Pāniora |
| I whakaputaina: |
Santiago
Escuela Tipográfica La Gratitud Nacional
1923
|
| Putanga: | 10a. ed |
| Ngā marau: | |
| Ngā Tūtohu: |
Tāpirihia he Tūtohu
Kāore He Tūtohu, Me noho koe te mea tuatahi ki te tūtohu i tēnei pūkete!
|
MARC
| LEADER | 00000nam a2200000 a 4500 | ||
|---|---|---|---|
| 001 | UCJ6150 | ||
| 003 | CL-VaPUC | ||
| 008 | 070124e19230000CL |||||||||||||||||spa|d | ||
| 082 | 0 | 4 | |a 922 |b MAR |2 21 |
| 100 | |a Marchant Pereira, Ruperto |e autor |9 508365 | ||
| 245 | 1 | 0 | |a Ruperto Marchant P. Santa Filomena. Décima edición. Santuario de Santa Filomena |
| 250 | |a 10a. ed | ||
| 300 | |a 315 p | ||
| 942 | |c BK | ||
| 945 | |d 20070124 00:00:00 |a rinostro | ||
| 260 | |a Santiago |b Escuela Tipográfica La Gratitud Nacional |c 1923 | ||
| 500 | |a 8§.- h. en b.- Portadilla: Santa Filomena (pleca).- v. en b.- Representación de Santa Filomena y los instrumentos de su glorificación.- v. en b.- Port. orlada.- v.: (entre filetes) Con aprobación de la Autoridad Eclesiástica.- Licencia.- v. en b.- p. 96, imagen de Fray Andres Filomeno García; p. 176, Procesión de Santa Filomena.- Colofón | ||
| 600 | 0 | 7 | |a FILOMENA |2 CL-VaPUC |9 512472 |
| 600 | 0 | 7 | |a GARCIA, FRAY ANDRES FILOMENO |2 CL-VaPUC |9 512473 |
| 650 | 7 | |a HAGIOGRAFIA |2 CL-VaPUC |9 506102 | |
| 650 | 7 | |a MARTIRES |2 CL-VaPUC |9 406784 | |
| 650 | 7 | |a MILAGROS |2 CL-VaPUC |9 334044 | |
| 650 | 7 | |a SANTUARIOS CATOLICOS |2 CL-VaPUC |9 511537 | |
| 650 | 0 | |a Iconografía |9 267998 | |
| 583 | |a last modification |c 20070124 00:00:00 |k Rodrigo Vera | ||
| 999 | |c 322258 |d 322256 | ||
| 952 | |0 0 |1 0 |4 0 |6 922_000000000000000_MAR_1923 |7 0 |8 X |9 401210 |a FDOBUD |b FDOBUD |d 2019-11-22 |i 1044354 |o 922 MAR 1923 |p 1044354 |r 2019-11-22 |w 2019-11-22 |y BK_X |k BUD | ||